Paroles : Babel Babel d'Indochine - Statistiques

Statistiques générales
  • Ce quiz a été pris 33 fois
  • Le résultat moyen est 259 sur 312
Statistiques - réponses
Paroles % Correct
Ce
100%
Dans
95%
De
95%
Et
95%
Il
95%
95%
La
95%
Le
95%
À
89%
A
89%
Est
89%
Était
89%
Fois
89%
Les
89%
Mais
89%
Nuit,
89%
Nuit
89%
Papillons
89%
Roi
89%
Un
89%
Une
89%
Babel
84%
Beau
84%
Beau,
84%
Ça
84%
Cerf-volant
84%
C'est
84%
Ciel,
84%
Ciel
84%
Derrière
84%
Des
84%
Dos
84%
Haine
84%
Oh
84%
Si
84%
Soldats
84%
Sont
84%
Toi
84%
Tout
84%
Traqué
84%
Balle
79%
Blanc
79%
Cause
79%
Contre
79%
Drapeau
79%
Encore
79%
Loin,
79%
Mon
79%
Oublie
79%
Qui
79%
Qu'il
79%
Rodéo
79%
Se
79%
Vivant,
79%
Vivant
79%
Avant
74%
Balles
74%
Blanc
74%
Horizons
74%
Jour
74%
Lèvera
74%
Lui,
74%
Moi
74%
On
74%
Vie
74%
Bruit,
68%
Combattant
68%
Écho
68%
Ira
68%
Ira,
68%
Juste
68%
Nous
68%
Prêt
68%
Que
68%
Sans
68%
Savoir
68%
S'en
68%
Sera
68%
Aimera
63%
Choix
63%
Fait
63%
Océan
63%
Comme
58%
Comprendra
58%
L'incompris
58%
Ne
58%
Ses
58%
Temps
58%
D'être
53%
Différents
53%
Langages
53%
Tangages
53%
Blase
47%
Comprends
47%
Ennemis
47%
Entends
47%
Personne
42%
Plus
42%
Aucun quiz correspondant
Distribution des résultats
% des personnes avec chaque résultat
Percentile par nombre de réponses
Votre historique - résultats
Vous n’avez pas pris ce quiz